000 00890cam a22002653a 4500
001 25342
003 PGUSA
005 20140828083538.0
008 080505s2008||||xxu|||||s|||||000 | eng d
040 _aPGUSA
_beng
042 _adc
050 4 _aD501
100 1 _aDavidson, George
245 1 4 _aThe Incomparable 29th and the "River Clyde"
_h[electronic resource] /
_cGeorge Davidson
260 _bProject Gutenberg,
_c2008
506 _aPublic domain in the USA.
516 _aElectronic text
653 _aWorld War, 1914-1918 -- Medical care -- Great Britain
653 _aWorld War, 1914-1918 -- Regimental histories -- Great Britain
653 _aGreat Britain. Army. Infantry Division, 29th -- History
740 0 _aIncomparable Twenty-ninth and the "River Clyde"
830 0 _aProject Gutenberg
_v25342
856 4 0 _uhttp://www.gutenberg.org/ebooks/25342
942 _cEB
999 _c254597
_d254597